[Event "DVM U16 2021"]
[Site "Kiel GER"]
[Date "2022.07.23"]
[Round "1"]
[White "Korek, Jakob Alexander"]
[Black "Ginschel, Leonhard"]
[Result "1/2-1/2"]
[Termination "normal"]
[Board "7.4"]
[WhiteElo "1611"]
[BlackElo "1273"]
[WhiteClock "00:04:36"]
[BlackClock "00:12:30"]
[WhiteTeam "SV Königsjäger Süd-West e.V."]
[BlackTeam "TV Tegernsee"]
[PlyCount "98"]
[WhiteFideId "16240022"]
[BlackFideId "16290917"]
[EventCountry "GER"]
[EventRounds "7"]
[EventType "team-swiss"]
[EventDate "2022.07.22"]

1. d4 {[%clk 01:30:59]} d5 {[%clk 01:30:59]} {[%emt 00:00:02]} 2. c4 {[%clk
01:31:22]} {[%emt 00:00:07]} e6 {[%clk 01:31:22]} {[%emt 00:00:06]} 3. Nf3
{[%clk 01:31:35]} {[%emt 00:00:17]} Nf6 {[%clk 01:31:46]} {[%emt 00:00:07]} 4.
g3 {[%clk 01:31:51]} {[%emt 00:00:13]} Be7 {[%clk 01:31:28]} {[%emt 00:00:48]}
5. Bg2 {[%clk 01:32:04]} {[%emt 00:00:17]} O-O {[%clk 01:31:44]} {[%emt
00:00:15]} 6. O-O {[%clk 01:32:09]} {[%emt 00:00:25]} Nbd7 {[%clk 01:29:59]}
{[%emt 00:02:14]} 7. b3 {[%clk 01:30:30]} {[%emt 00:02:09]} b6 {[%clk
01:24:34]} {[%emt 00:05:55]} 8. Bb2 {[%clk 01:27:27]} {[%emt 00:03:33]} Bb7
{[%clk 01:23:47]} {[%emt 00:01:17]} 9. Nc3 {[%clk 01:25:47]} {[%emt 00:02:10]}
dxc4 {[%clk 01:13:53]} {[%emt 00:10:24]} 10. bxc4 {[%clk 01:26:01]} {[%emt
00:00:16]} Bb4 {[%clk 01:09:06]} {[%emt 00:05:16]} 11. Qc2 {[%clk 01:23:02]}
{[%emt 00:03:29]} c5 {[%clk 01:05:21]} {[%emt 00:04:15]} 12. a3 {[%clk
01:14:57]} {[%emt 00:08:35]} Bxc3 {[%clk 01:03:14]} {[%emt 00:02:38]} 13. Bxc3
{[%clk 01:13:13]} {[%emt 00:02:14]} cxd4 {[%clk 01:01:59]} {[%emt 00:01:46]}
14. Bxd4 {[%clk 01:12:08]} {[%emt 00:01:34]} Qe7 {[%clk 00:55:16]} {[%emt
00:07:12]} 15. a4 {[%clk 01:05:38]} {[%emt 00:07:01]} Rac8 {[%clk 00:49:43]}
{[%emt 00:06:03]} 16. Rfc1 {[%clk 00:59:49]} {[%emt 00:06:19]} Qd6 {[%clk
00:46:19]} {[%emt 00:03:55]} 17. Be3 {[%clk 00:57:31]} {[%emt 00:02:47]} Qc7
{[%clk 00:45:17]} {[%emt 00:01:32]} 18. Bf4 {[%clk 00:41:10]} {[%emt 00:16:51]}
Qc5 {[%clk 00:39:59]} {[%emt 00:05:47]} 19. Be3 {[%clk 00:39:20]} {[%emt
00:02:21]} Qc7 {[%clk 00:34:46]} {[%emt 00:05:43]} 20. Nd2 {[%clk 00:27:43]}
{[%emt 00:12:08]} Bxg2 {[%clk 00:30:45]} {[%emt 00:04:31]} 21. Kxg2 {[%clk
00:27:58]} {[%emt 00:00:13]} Nd5 {[%clk 00:28:42]} {[%emt 00:02:34]} 22. Qb3
{[%clk 00:25:23]} {[%emt 00:03:05]} Nxe3+ {[%clk 00:28:17]} {[%emt 00:00:55]}
23. Qxe3 {[%clk 00:25:40]} {[%emt 00:00:12]} Qc5 {[%clk 00:26:59]} {[%emt
00:01:49]} 24. Qf4 {[%clk 00:23:40]} {[%emt 00:02:30]} Nf6 {[%clk 00:23:06]}
{[%emt 00:04:23]} 25. Kg1 {[%clk 00:22:04]} {[%emt 00:02:05]} Rfd8 {[%clk
00:21:09]} {[%emt 00:02:28]} 26. Nf3 {[%clk 00:17:58]} {[%emt 00:04:36]} Qd6
{[%clk 00:18:37]} {[%emt 00:03:02]} 27. Qxd6 {[%clk 00:16:56]} {[%emt
00:01:33]} Rxd6 {[%clk 00:19:00]} {[%emt 00:00:07]} 28. a5 {[%clk 00:17:07]}
{[%emt 00:00:18]} Rdc6 {[%clk 00:19:04]} {[%emt 00:00:26]} 29. axb6 {[%clk
00:16:44]} {[%emt 00:00:54]} axb6 {[%clk 00:19:24]} {[%emt 00:00:10]} 30. Rab1
{[%clk 00:16:19]} {[%emt 00:00:55]} Nd7 {[%clk 00:17:51]} {[%emt 00:02:02]} 31.
Rb4 {[%clk 00:15:37]} {[%emt 00:01:11]} Rc5 {[%clk 00:16:14]} {[%emt 00:02:07]}
32. Rd1 {[%clk 00:14:55]} {[%emt 00:01:12]} R8c7 {[%clk 00:15:28]} {[%emt
00:01:17]} 33. Rxb6 {[%clk 00:14:49]} {[%emt 00:00:37]} h6 {[%clk 00:15:00]}
{[%emt 00:00:58]} 34. Rbd6 {[%clk 00:14:38]} {[%emt 00:00:40]} Ne5 {[%clk
00:13:42]} {[%emt 00:01:48]} 35. Nxe5 {[%clk 00:11:11]} {[%emt 00:03:57]} Rxe5
{[%clk 00:14:06]} {[%emt 00:00:06]} 36. R1d2 {[%clk 00:11:36]} {[%emt
00:00:05]} Rec5 {[%clk 00:13:54]} {[%emt 00:00:42]} 37. f3 {[%clk 00:11:03]}
{[%emt 00:01:03]} Rxc4 {[%clk 00:14:01]} {[%emt 00:00:23]} 38. Kf2 {[%clk
00:11:20]} {[%emt 00:00:13]} Rc2 {[%clk 00:13:35]} {[%emt 00:00:56]} 39. f4
{[%clk 00:10:15]} {[%emt 00:01:35]} Rxd2 {[%clk 00:13:47]} {[%emt 00:00:18]}
40. Rxd2 {[%clk 00:10:41]} {[%emt 00:00:04]} Kh7 {[%clk 00:13:32]} {[%emt
00:00:45]} 41. g4 {[%clk 00:09:39]} {[%emt 00:01:33]} g5 {[%clk 00:12:07]}
{[%emt 00:01:55]} 42. fxg5 {[%clk 00:08:27]} {[%emt 00:01:41]} hxg5 {[%clk
00:12:25]} {[%emt 00:00:11]} 43. Kg3 {[%clk 00:07:06]} {[%emt 00:01:50]} Rc3+
{[%clk 00:12:07]} {[%emt 00:00:50]} 44. Rd3 {[%clk 00:07:28]} {[%emt 00:00:08]}
Rxd3+ {[%clk 00:12:02]} {[%emt 00:00:34]} 45. exd3 {[%clk 00:07:52]} {[%emt
00:00:07]} Kg6 {[%clk 00:11:30]} {[%emt 00:01:02]} 46. d4 {[%clk 00:07:21]}
{[%emt 00:01:01]} f5 {[%clk 00:11:36]} {[%emt 00:00:24]} 47. gxf5+ {[%clk
00:04:21]} {[%emt 00:03:30]} exf5 {[%clk 00:11:48]} {[%emt 00:00:19]} 48. h4
{[%clk 00:04:12]} {[%emt 00:00:38]} gxh4+ {[%clk 00:12:05]} {[%emt 00:00:12]}
49. Kxh4 {[%clk 00:04:36]} {[%emt 00:00:07]} Kf6 {[%clk 00:12:30]} {[%emt
00:00:05]} 1/2-1/2

[Event "DVM U16 2021"]
[Site "Kiel GER"]
[Date "2022.07.23"]
[Round "1"]
[White "Eichhorn, Mathilda"]
[Black "Jahrke, Jonas"]
[Result "0-1"]
[Termination "normal"]
[Board "8.2"]
[WhiteElo "1327"]
[BlackElo "1725"]
[WhiteClock "00:26:59"]
[BlackClock "00:18:41"]
[WhiteTeam "SV Schott Jena"]
[BlackTeam "Schachfreunde Essen-Katernberg 04/32 e. V."]
[PlyCount "96"]
[WhiteFideId "16242289"]
[BlackFideId "12984353"]
[EventCountry "GER"]
[EventRounds "7"]
[EventType "team-swiss"]
[EventDate "2022.07.22"]

1. e4 {[%clk 01:30:58]} {[%emt 00:00:02]} c5 {[%clk 01:30:53]} {[%emt
00:00:07]} 2. Nf3 {[%clk 01:31:05]} {[%emt 00:00:24]} d6 {[%clk 01:31:08]}
{[%emt 00:00:15]} 3. d4 {[%clk 01:31:07]} {[%emt 00:00:28]} cxd4 {[%clk
01:31:22]} {[%emt 00:00:16]} 4. Nxd4 {[%clk 01:31:28]} {[%emt 00:00:09]} Nf6
{[%clk 01:31:26]} {[%emt 00:00:26]} 5. Nc3 {[%clk 01:31:26]} {[%emt 00:00:32]}
a6 {[%clk 01:31:27]} {[%emt 00:00:28]} 6. Be2 {[%clk 01:28:19]} {[%emt
00:03:37]} e5 {[%clk 01:30:40]} {[%emt 00:01:17]} 7. Nb3 {[%clk 01:26:05]}
{[%emt 00:02:43]} Be7 {[%clk 01:29:57]} {[%emt 00:01:14]} 8. Be3 {[%clk
01:25:12]} {[%emt 00:01:24]} Be6 {[%clk 01:28:44]} {[%emt 00:01:42]} 9. O-O
{[%clk 01:04:19]} {[%emt 00:21:23]} O-O {[%clk 01:27:14]} {[%emt 00:02:00]} 10.
Bf3 {[%clk 00:59:05]} {[%emt 00:05:44]} Nbd7 {[%clk 01:25:28]} {[%emt
00:02:16]} 11. Re1 {[%clk 00:55:12]} {[%emt 00:04:23]} b5 {[%clk 01:24:07]}
{[%emt 00:01:51]} 12. Bg5 {[%clk 00:40:25]} {[%emt 00:15:17]} h6 {[%clk
01:15:40]} {[%emt 00:08:57]} 13. Bxf6 {[%clk 00:40:21]} {[%emt 00:00:34]} Nxf6
{[%clk 01:15:49]} {[%emt 00:00:21]} 14. Nd2 {[%clk 00:31:03]} {[%emt 00:09:49]}
Rc8 {[%clk 01:12:46]} {[%emt 00:03:32]} 15. Nf1 {[%clk 00:29:01]} {[%emt
00:02:32]} Qd7 {[%clk 00:48:23]} {[%emt 00:24:54]} 16. Ne3 {[%clk 00:25:24]}
{[%emt 00:04:07]} b4 {[%clk 00:46:03]} {[%emt 00:02:49]} 17. Ncd5 {[%clk
00:23:53]} {[%emt 00:02:01]} Bxd5 {[%clk 00:45:13]} {[%emt 00:01:21]} 18. Nxd5
{[%clk 00:23:43]} {[%emt 00:00:39]} Nxd5 {[%clk 00:45:28]} {[%emt 00:00:15]}
19. exd5 {[%clk 00:21:25]} {[%emt 00:02:49]} Qc7 {[%clk 00:37:39]} {[%emt
00:08:18]} 20. Rc1 {[%clk 00:19:01]} {[%emt 00:02:54]} Bg5 {[%clk 00:37:26]}
{[%emt 00:00:43]} 21. Rb1 {[%clk 00:17:29]} {[%emt 00:02:01]} Qxc2 {[%clk
00:37:06]} {[%emt 00:00:50]} 22. Re2 {[%clk 00:12:15]} {[%emt 00:05:45]} Qxd1+
{[%clk 00:36:16]} {[%emt 00:01:20]} 23. Rxd1 {[%clk 00:12:35]} {[%emt
00:00:10]} f5 {[%clk 00:32:30]} {[%emt 00:04:16]} 24. g3 {[%clk 00:10:27]}
{[%emt 00:02:38]} Rc5 {[%clk 00:30:20]} {[%emt 00:02:40]} 25. Bg2 {[%emt
00:18:36]} Rfc8 {[%clk 00:14:42]} 26. h4 {[%clk 00:05:09]} {[%emt 00:03:50]}
Be7 {[%clk 00:11:43]} {[%emt 00:03:28]} 27. Bh3 {[%clk 00:04:59]} {[%emt
00:00:41]} g6 {[%clk 00:07:25]} {[%emt 00:04:48]} 28. b3 {[%clk 00:04:18]}
{[%emt 00:01:11]} h5 {[%clk 00:06:18]} {[%emt 00:01:38]} 29. f3 {[%clk
00:03:53]} {[%emt 00:00:55]} Rc1 {[%clk 00:03:49]} {[%emt 00:02:58]} 30. Red2
{[%clk 00:01:12]} {[%emt 00:03:11]} Rxd1+ {[%clk 00:03:56]} {[%emt 00:00:23]}
31. Rxd1 {[%clk 00:01:34]} {[%emt 00:00:08]} Rc2 {[%clk 00:04:11]} {[%emt
00:00:15]} 32. Ra1 {[%clk 00:01:50]} {[%emt 00:00:14]} Kg7 {[%clk 00:04:13]}
{[%emt 00:00:28]} 33. Bf1 {[%clk 00:01:21]} {[%emt 00:00:59]} a5 {[%clk
00:04:04]} {[%emt 00:00:40]} 34. Bc4 {[%clk 00:01:33]} {[%emt 00:00:18]} Bd8
{[%clk 00:02:42]} {[%emt 00:01:51]} 35. a4 {[%clk 00:01:17]} {[%emt 00:00:45]}
Bb6+ {[%clk 00:02:37]} {[%emt 00:00:36]} 36. Kh1 {[%clk 00:01:42]} {[%emt
00:00:06]} Bf2 {[%clk 00:02:04]} {[%emt 00:01:02]} 37. g4 {[%clk 00:01:36]}
{[%emt 00:00:36]} hxg4 {[%clk 00:01:45]} {[%emt 00:00:49]} 38. h5 {[%clk
00:01:10]} {[%emt 00:00:57]} gxh5 {[%clk 00:01:16]} {[%emt 00:00:59]} 39. fxg4
{[%clk 00:01:21]} {[%emt 00:00:19]} fxg4 {[%clk 00:01:15]} {[%emt 00:00:31]}
40. Rf1 {[%clk 00:01:10]} {[%emt 00:00:41]} Bc5 {[%clk 00:00:45]} {[%emt
00:01:00]} 41. Rf5 {[%clk 00:00:53]} {[%emt 00:00:46]} Rxc4 {[%clk 00:19:37]}
{[%emt 00:11:38]} 42. bxc4 {[%clk 00:30:36]} {[%emt 00:00:46]} b3 {[%clk
00:19:18]} {[%emt 00:00:50]} 43. Rf1 {[%clk 00:30:02]} {[%emt 00:01:04]} b2
{[%clk 00:19:30]} {[%emt 00:00:17]} 44. Kg2 {[%clk 00:29:09]} {[%emt 00:01:24]}
Be3 {[%clk 00:18:58]} {[%emt 00:01:02]} 45. Rb1 {[%clk 00:28:33]} {[%emt
00:01:05]} Bc1 {[%clk 00:19:05]} {[%emt 00:00:23]} 46. Kg3 {[%clk 00:28:36]}
{[%emt 00:00:28]} e4 {[%clk 00:18:27]} {[%emt 00:01:09]} 47. Kf2 {[%clk
00:27:35]} {[%emt 00:01:30]} e3+ {[%clk 00:18:38]} {[%emt 00:00:19]} 48. Ke2
{[%clk 00:26:59]} {[%emt 00:01:06]} Kf6 {[%clk 00:18:41]} {[%emt 00:00:27]} 0-1

[Event "DVM U16 2021"]
[Site "Kiel GER"]
[Date "2022.07.23"]
[Round "1"]
[White "Berresheim, Nils"]
[Black "Junge, Mattheo Gabriel"]
[Result "1-0"]
[Termination "normal"]
[Board "8.3"]
[WhiteElo "1730"]
[BlackElo "1146"]
[WhiteClock "00:26:47"]
[BlackClock "00:56:29"]
[WhiteTeam "Schachfreunde Essen-Katernberg 04/32 e. V."]
[BlackTeam "SV Schott Jena"]
[PlyCount "49"]
[WhiteFideId "16246306"]
[BlackFideId "34605908"]
[EventCountry "GER"]
[EventRounds "7"]
[EventType "team-swiss"]
[EventDate "2022.07.22"]

1. d4 {[%clk 01:30:57]} {[%emt 00:00:03]} Nf6 {[%clk 01:30:54]} {[%emt
00:00:07]} 2. c4 {[%clk 01:31:07]} {[%emt 00:00:20]} g6 {[%clk 01:31:17]}
{[%emt 00:00:07]} 3. Nc3 {[%clk 01:31:06]} {[%emt 00:00:31]} Bg7 {[%clk
01:31:40]} {[%emt 00:00:07]} 4. Nf3 {[%clk 01:31:10]} {[%emt 00:00:25]} O-O
{[%clk 01:32:03]} {[%emt 00:00:07]} 5. Bg5 {[%clk 01:30:54]} {[%emt 00:00:46]}
h6 {[%clk 01:31:52]} {[%emt 00:00:42]} 6. Bh4 {[%clk 01:30:33]} {[%emt
00:00:50]} d6 {[%clk 01:31:35]} {[%emt 00:00:47]} 7. e3 {[%clk 01:30:00]}
{[%emt 00:01:02]} g5 {[%clk 01:31:08]} {[%emt 00:00:58]} 8. Bg3 {[%clk
01:29:56]} {[%emt 00:00:34]} Nh5 {[%clk 01:27:40]} {[%emt 00:03:59]} 9. Be2
{[%clk 01:26:01]} {[%emt 00:04:23]} Nxg3 {[%clk 01:27:20]} {[%emt 00:00:51]}
10. hxg3 {[%clk 01:26:11]} {[%emt 00:00:21]} f5 {[%clk 01:26:53]} {[%emt
00:00:57]} 11. Qc2 {[%clk 01:20:22]} {[%emt 00:06:18]} e5 {[%clk 01:26:20]}
{[%emt 00:01:03]} 12. O-O-O {[%clk 01:11:22]} {[%emt 00:09:30]} e4 {[%clk
01:25:49]} {[%emt 00:01:02]} 13. Nd2 {[%clk 01:08:42]} {[%emt 00:03:09]} c6
{[%clk 01:23:04]} {[%emt 00:03:16]} 14. d5 {[%clk 01:03:55]} {[%emt 00:05:16]}
Qb6 {[%clk 01:17:55]} {[%emt 00:05:39]} 15. g4 {[%clk 00:56:58]} {[%emt
00:07:27]} cxd5 {[%clk 01:16:16]} {[%emt 00:02:10]} 16. cxd5 {[%clk 00:52:28]}
{[%emt 00:05:00]} fxg4 {[%clk 01:14:32]} {[%emt 00:02:13]} 17. Ndxe4 {[%clk
00:51:47]} {[%emt 00:01:12]} Bf5 {[%clk 01:14:17]} {[%emt 00:00:44]} 18. Bd3
{[%clk 00:50:25]} {[%emt 00:01:51]} Na6 {[%clk 01:10:03]} {[%emt 00:04:45]} 19.
a3 {[%clk 00:47:59]} {[%emt 00:02:56]} Bxe4 {[%clk 01:09:03]} {[%emt 00:01:31]}
20. Bxe4 {[%clk 00:46:46]} {[%emt 00:01:42]} Rac8 {[%clk 01:06:50]} {[%emt
00:02:43]} 21. Bf5 {[%clk 00:32:18]} {[%emt 00:14:54]} Rc7 {[%clk 01:04:10]}
{[%emt 00:03:15]} 22. Be6+ {[%clk 00:31:05]} {[%emt 00:01:42]} Kh8 {[%clk
01:01:58]} {[%emt 00:02:42]} 23. Qg6 {[%clk 00:27:06]} {[%emt 00:04:28]} Rxf2
{[%clk 00:56:24]} {[%emt 00:06:05]} 24. Rxh6+ {[%clk 00:26:22]} {[%emt
00:01:14]} Bxh6 {[%clk 00:56:29]} {[%emt 00:00:26]} 25. Qg8# {[%clk 00:26:47]}
{[%emt 00:00:04]} 1-0

[Event "DVM U16 2021"]
[Site "Kiel GER"]
[Date "2022.07.23"]
[Round "1"]
[White "Eichhorn, Josephine"]
[Black "Payes Kanders, Valentin"]
[Result "1-0"]
[Termination "normal"]
[Board "8.4"]
[WhiteElo "1337"]
[BlackElo "1630"]
[WhiteClock "00:27:09"]
[BlackClock "00:29:12"]
[WhiteTeam "SV Schott Jena"]
[BlackTeam "Schachfreunde Essen-Katernberg 04/32 e. V."]
[PlyCount "69"]
[WhiteFideId "16242254"]
[BlackFideId "16261046"]
[EventCountry "GER"]
[EventRounds "7"]
[EventType "team-swiss"]
[EventDate "2022.07.22"]

1. e4 {[%clk 01:30:57]} {[%emt 00:00:03]} c5 {[%clk 01:30:55]} {[%emt
00:00:05]} 2. Nf3 {[%clk 01:31:17]} {[%emt 00:00:10]} Nc6 {[%clk 01:31:19]}
{[%emt 00:00:06]} 3. d4 {[%clk 01:31:39]} {[%emt 00:00:08]} cxd4 {[%clk
01:31:45]} {[%emt 00:00:05]} 4. Nxd4 {[%clk 01:32:02]} {[%emt 00:00:07]} Nf6
{[%clk 01:32:09]} {[%emt 00:00:05]} 5. Nc3 {[%clk 01:32:12]} {[%emt 00:00:19]}
e5 {[%clk 01:32:32]} {[%emt 00:00:08]} 6. Nf3 {[%clk 01:29:01]} {[%emt
00:03:41]} Bb4 {[%clk 01:27:56]} {[%emt 00:05:06]} 7. Bd3 {[%clk 01:27:05]}
{[%emt 00:02:26]} d5 {[%clk 01:25:25]} {[%emt 00:03:00]} 8. Nd2 {[%clk
01:11:51]} {[%emt 00:15:44]} O-O {[%clk 01:24:54]} {[%emt 00:01:01]} 9. Nxd5
{[%clk 01:08:30]} {[%emt 00:03:51]} Nxd5 {[%clk 01:25:09]} {[%emt 00:00:15]}
10. exd5 {[%clk 01:08:54]} {[%emt 00:00:07]} Qxd5 {[%clk 01:25:32]} {[%emt
00:00:07]} 11. O-O {[%clk 01:08:55]} {[%emt 00:00:28]} Rd8 {[%clk 01:22:06]}
{[%emt 00:03:55]} 12. Bc4 {[%clk 01:06:55]} {[%emt 00:02:32]} Qd7 {[%clk
01:12:29]} {[%emt 00:10:06]} 13. c3 {[%clk 01:06:42]} {[%emt 00:00:44]} Bc5
{[%clk 01:11:32]} {[%emt 00:01:26]} 14. Qf3 {[%clk 01:04:11]} {[%emt 00:03:02]}
Na5 {[%clk 01:06:39]} {[%emt 00:05:22]} 15. Be2 {[%clk 01:01:12]} {[%emt
00:03:30]} Qe7 {[%clk 01:02:26]} {[%emt 00:04:42]} 16. b4 {[%clk 00:55:42]}
{[%emt 00:06:00]} Bxb4 {[%clk 00:58:59]} {[%emt 00:03:58]} 17. cxb4 {[%clk
00:55:55]} {[%emt 00:00:17]} Qxb4 {[%clk 00:59:23]} {[%emt 00:00:06]} 18. Nb3
{[%clk 00:53:58]} {[%emt 00:02:27]} Be6 {[%clk 00:53:29]} {[%emt 00:06:23]} 19.
Nxa5 {[%clk 00:51:42]} {[%emt 00:02:46]} Qxa5 {[%clk 00:52:48]} {[%emt
00:01:11]} 20. a3 {[%clk 00:51:26]} {[%emt 00:00:45]} Rac8 {[%clk 00:42:34]}
{[%emt 00:10:45]} 21. Qxb7 {[%clk 00:49:23]} {[%emt 00:02:34]} Rc2 {[%clk
00:39:33]} {[%emt 00:03:29]} 22. Qe4 {[%clk 00:47:16]} {[%emt 00:02:38]} Qc3
{[%clk 00:38:59]} {[%emt 00:01:03]} 23. Bg5 {[%clk 00:40:20]} {[%emt 00:07:27]}
f6 {[%clk 00:39:14]} {[%emt 00:00:15]} 24. Rac1 {[%clk 00:33:24]} {[%emt
00:07:26]} Rc8 {[%clk 00:38:00]} {[%emt 00:01:44]} 25. Rxc2 {[%clk 00:32:59]}
{[%emt 00:00:56]} Qxc2 {[%clk 00:38:23]} {[%emt 00:00:07]} 26. Bd3 {[%clk
00:33:10]} {[%emt 00:00:18]} Qb3 {[%clk 00:34:45]} {[%emt 00:04:08]} 27. Qxh7+
{[%clk 00:33:21]} {[%emt 00:00:19]} Kf8 {[%clk 00:35:10]} {[%emt 00:00:05]} 28.
Be3 {[%clk 00:33:14]} {[%emt 00:00:38]} Bg8 {[%clk 00:33:29]} {[%emt 00:02:11]}
29. Qe4 {[%clk 00:32:03]} {[%emt 00:01:41]} Rc3 {[%clk 00:33:06]} {[%emt
00:00:52]} 30. Qa8+ {[%clk 00:30:55]} {[%emt 00:01:38]} Ke7 {[%clk 00:33:12]}
{[%emt 00:00:24]} 31. Qxa7+ {[%clk 00:30:59]} {[%emt 00:00:26]} Kd6 {[%clk
00:33:13]} {[%emt 00:00:29]} 32. Bf5 {[%clk 00:30:38]} {[%emt 00:00:50]} Rc7
{[%clk 00:32:48]} {[%emt 00:00:56]} 33. Qa5 {[%clk 00:29:48]} {[%emt 00:01:20]}
Rc3 {[%clk 00:29:11]} {[%emt 00:04:07]} 34. Qd8+ {[%clk 00:28:09]} {[%emt
00:02:09]} Kc6 {[%clk 00:29:12]} {[%emt 00:00:28]} 35. Qd7# {[%clk 00:27:09]}
{[%emt 00:00:44]} 1-0